Największe Europejskie miasta na literę B - Quiz na mapie - Statystyki

Ogólne statystyki
  • Ten quiz został rozwiązany 99 razy
  • Średni wynik to 16 z 25
Odpowiedzi na mapie
Odpowiedzi zakodowano w zielono-czerwonej skali na mapie do tego quizu, zgodnie z poniższymi procentami.
 
Statystyki odpowiedzi
Państwo Miasto Liczba L. % Poprawnych
Niemcy Berlin 3.664.800
99%
Hiszpania Barcelona 1.636.800
98%
Węgry Budapeszt 1.752.300
95%
Polska Bydgoszcz 350.200
95%
Rumunia Bukareszt 1.883.400
94%
Polska Białystok 297.500
92%
Słowacja Bratysława 432.900
89%
Wielka Brytania Birmingham 1.159.100
88%
Serbia Belgrad 1.166.800
84%
Czechy Brno 381.300
83%
Wielka Brytania Belfast 336.600
78%
Hiszpania Bilbao 346.800
76%
Białoruś Brześć 339.700
69%
Włochy Bari 320.900
66%
Włochy Bolonia 390.600
66%
Niemcy Brema 569.400
60%
Wielka Brytania Bristol 576.800
60%
Norwegia Bergen 283.900
59%
Niemcy Bonn 327.300
48%
Niemcy Bielefeld 333.800
37%
Niemcy Bochum 364.600
35%
Rosja Briańsk 404.800
27%
Rosja Biełgorod 392.400
18%
Wielka Brytania Bradford 363.600
17%
Rosja Bałaszycha 490.000
5%
Nie znaleziono quizów pasujących do podanych kryteriów
Rozkład punktacji
Procent ludzi z każdym wynikiem
Percentyl według liczby udzielonych odpowiedzi
Twoja historia wyników
Nie rozwiązałeś tego quizu